000 00498nam a2200181Ia 4500
005 20250508151741.0
008 008 250505s9999 xx 000 0 hin d
037 _aTextual
040 _aFEDL
_beng
_cFEDL
041 _ahin
_2eng
084 _a491.438, BAK
_qFEDL
100 _aBakshi Padum Lal Punnalal Ed.
_9759885
245 0 _aSahitya sushma
260 _aIndore, India
_bIndian Press Ltd.
300 _a151p.
942 _cTEXL
_h491.438, BAK
999 _c1331905
_d1331905